[Event "Stay Safe Play From Home 347"]
[Site "Emanuel Lasker Arena"]
[Date "2020.07.31"]
[Round "4"]
[White "Padmaesh M K"]
[Black "Trotsky"]
[Result "0-1"]
[WhiteElo "1853"]
[BlackElo "1572"]
[Annotator "NA"]
[PlyCount "72"]
[EventDate "2020.07.31"]
[EventType "swiss (blitz)"]

1. d4 {[%emt 0:00:01]} d5 {[%emt 0:00:01]} 2. Bf4 {[%emt 0:00:01]} e6 {[%emt 0:00:00]} 3. Nf3 {[%emt 0:00:01]} c5 {[%emt 0:00:00]} 4. e3 {[%emt 0:00:01]} Nc6 {[%emt 0:00:00]} 5. c3 {[%emt 0:00:01]} c4 {[%emt 0:00:00]} 6. Nbd2 {[%emt 0:00:02]} Bd6 {[%emt 0:00:01]} 7. Bg3 {[%emt 0:00:02]} Qc7 {[%emt 0:00:01]} 8. Qc2 {[%emt 0:00:01]} Bd7 {[%emt 0:00:01]} 9. e4 {[%emt 0:00:03]} O-O-O {[%emt 0:00:01]} 10. e5 {[%emt 0:00:01]} Be7 {[%emt 0:00:01]} 11. b3 {[%emt 0:00:03]} f6 {[%emt 0:00:01]} 12. bxc4 {[%emt 0:00:01]} fxe5 {[%emt 0:00:02]} 13. Nxe5 {[%emt 0:00:02]} Rf8 {[%emt 0:00:02]} 14. Ng6 {[%emt 0:00:04]} Bd6 {[%emt 0:00:02]} 15. Nxf8 {[%emt 0:00:01]} Bxg3 {[%emt 0:00:02]} 16. hxg3 {[%emt 0:00:01]} h5 {[%emt 0:00:01]} 17. Nxd7 {[%emt 0:00:01]} Kxd7 {[%emt 0:00:02]} 18. cxd5 {[%emt 0:00:00]} exd5 {[%emt 0:00:01]} 19. Nf3 {[%emt 0:00:00]} Nh6 {[%emt 0:00:01]} 20. Bd3 {[%emt 0:00:02]} Ng4 {[%emt 0:00:01]} 21. Bf5+ {[%emt 0:00:01]} Kd8 {[%emt 0:00:02]} 22. Bxg4 {[%emt 0:00:00]} Re8+ {[%emt 0:00:01]} 23. Kd2 {[%emt 0:00:03]} hxg4 {[%emt 0:00:01]} 24. Ne5 {[%emt 0:00:04]} Nxe5 {[%emt 0:00:01]} 25. dxe5 {[%emt 0:00:00]} Qxe5 {[%emt 0:00:01]} 26. Qd3 {[%emt 0:00:01]} Qg5+ {[%emt 0:00:01]} 27. Kc2 {[%emt 0:00:01]} d4 {[%emt 0:00:03]} 28. Rae1 {[%emt 0:00:01]} Rf8 {[%emt 0:00:03]} 29. Qxd4+ {[%emt 0:00:01]} Kc8 {[%emt 0:00:01]} 30. Re4 {[%emt 0:00:02]} Qa5 {[%emt 0:00:02]} 31. Rb1 {[%emt 0:00:01]} Qxa2+ {[%emt 0:00:01]} 32. Kc1 {[%emt 0:00:02]} Qa3+ {[%emt 0:00:01]} 33. Rb2 {[%emt 0:00:03]} Rd8 {[%emt 0:00:02]} 34. Qc4+ {[%emt 0:00:01]} Kb8 {[%emt 0:00:02]} 35. Re7 {[%emt 0:00:00]} Qa1+ {[%emt 0:00:01]} 36. Kc2 {[%emt 0:00:01]} Qd1# {[%emt 0:00:01] (Lag: Av=0.35s, max=0.9s)} 0-1

[Event "Stay Safe Play From Home 347"]
[Site "Emanuel Lasker Arena"]
[Date "2020.07.31"]
[Round "5"]
[White "AChessPlayer"]
[Black "Hickey"]
[Result "1-0"]
[WhiteElo "2438"]
[BlackElo "2065"]
[Annotator "TA"]
[PlyCount "159"]
[EventDate "2020.07.31"]
[EventType "swiss (blitz)"]

{[%evp 14,159,64,81,70,83,105,103,108,104,116,69,144,112,124,57,66,44,54,47,50,47,69,50,70,0,169,27,32,33,36,32,42,8,30,19,18,21,39,28,21,-3,121,118,125,117,135,98,170,164,168,131,229,124,252,119,379,291,946,368,354,51,39,58,45,0,75,0,17,-224,-224,-224,-224,-194,-176,-638,-106,-638,715,708,754,55,55,55,62,0,62,0,3,3,3,3,54,3,54,54,54,3,3,3,3,3,3,3,54,3,3,3,54,3,3,3,54,54,5185,2181,1318,1868,992,652,29989,0,0,0,0,0,0,0,12845,0,0,0,0,0,12850,0,0,0,0,0,0,0,0,0,0,0,0,0]} 1. Nf3 Nf6 2. g3 e6 3. Bg2 Be7 4. O-O O-O 5. d4 b6 6. c4 Bb7 7. Nc3 {7.Re1 injects fresh life into this line. Played by Ian Nepomniachtchi in June 2020.} c5 8. d5 $1 {[%cal Rd5d6]} d6 {E18: Queen's Indian: Old Main Line (4 g3 Bb7 5 Bg2 Be7 6 0-0 0-0 7 Nc3).} 9. e4 e5 10. Ne1 Nbd7 {White is better.} 11. Nd3 Re8 12. f4 Bf8 {[#]} (12... exf4 $14 13. gxf4 (13. Bxf4 a6 $16) 13... Bf8) 13. f5 $146 ({Predecessor:} 13. Bd2 a6 14. a4 Qc7 15. a5 h6 16. axb6 Qxb6 17. f5 g6 18. Be3 Qc7 19. g4 {1-0 (47) Pogosian,G (2211)-Sarvesh Kumar,A (1905) Voronezh 2017}) 13... a6 14. a3 (14. a4 $16) 14... b5 $1 $14 15. cxb5 axb5 16. Nxb5 Ba6 17. Nc3 Rb8 18. h3 Qb6 19. Kh2 (19. Rf2 $14) 19... c4 $2 (19... Qb3 $11) 20. Nf2 (20. Nb4 $18) 20... Nc5 $11 21. Rb1 Nfd7 22. Be3 Qa5 23. Qd2 Rb3 24. g4 Reb8 25. g5 Nd3 {[%cal Rb3b2]} 26. Nxd3 cxd3 27. h4 Nc5 (27... Nb6 $1 $11 28. Nd1 Qxd2 29. Bxd2 Nc4) 28. h5 $1 $16 Na4 29. Nxa4 Qxa4 30. g6 {Hoping for f6.} f6 (30... Qe8 $16) 31. gxh7+ $18 Kxh7 32. h6 Qe8 (32... Rc8 $16 {was called for.}) 33. Bf3 (33. hxg7 $18 Bxg7 34. Bf3) 33... gxh6 (33... Rc8 $16 34. hxg7 Rc2 35. gxf8=N+ Qxf8) 34. Rg1 (34. Bd1 $1 $18) 34... R8b7 $2 {[%mdl 8192]} (34... Rc8 $16 {was worth a try.} 35. Kh1 (35. Qg2 Rc2 $16) 35... Rc2) 35. Rg6 (35. Qg2 Rg7 $16) 35... Bg7 $2 (35... Qb8 36. Rg2 (36. Rxf6 $2 Rxb2 37. Rf7+ Kg8 $19) 36... Kh8) 36. Bh5 $2 (36. Bxh6 Qb8 37. Kh1 Rxb2 38. Rxg7+ Kh8 39. Rxb7 Rxb1+ 40. Rxb1 Qxb1+ 41. Bd1) 36... Qb8 {[%cal Rb3b2]} 37. Kh3 $2 ({Weaker is} 37. Bxh6 Rxb2 38. Rxb2 Rxb2 $11) ({White should play} 37. Qg2 $18) 37... Rxb2 $14 38. Rxb2 Rxb2 39. Qd1 (39. Qe1 $5 {[%cal Re3h6]} Rb1 40. Bd1 $11) 39... Qf8 (39... Rb1 $11 {remains equal.} 40. Qf3 Qf8) 40. Qg4 (40. a4 $16) 40... Rb3 41. Rxh6+ $2 (41. Qg2 $11) 41... Bxh6 $19 42. Qg6+ Kh8 {And now ...d2 would win.} 43. Bxh6 d2+ $1 {[#]} 44. Kh4 $2 {[#]} (44. Kh2 $1 {[%mdl 512]} Rb2 45. Bd1) 44... Qe7 $2 (44... Bf1 $1 $19 {[%mdl 512] and Black stays clearly on top. ( -> ...Rh3+)} 45. Bxd2 (45. Bg4 d1=Q $19) 45... Rh3+ 46. Kg4 Rh2) 45. Bd1 $2 {[%mdl 8192]} (45. Bxd2 $17 Qg7 46. Bh6 Qxg6 47. fxg6) 45... Bf1 $4 {[%mdl 8192]} (45... Rb1 $19 46. Qh5 Qh7) 46. Bxb3 $18 Be2 47. Qg2 $2 (47. Bxd2 $18 Bb5 48. Kg3) 47... d1=Q $14 48. Bxd1 Bxd1 49. Qg6 (49. Qh1 $14 Ba4 50. Kg3) 49... Ba4 (49... Bf3 $11) 50. Be3 (50. Kg3 $14) 50... Be8 (50... Qh7+ {is more complex.} 51. Qxh7+ Kxh7 52. Bb6 Bc2 53. Bc7 Bxe4 54. Kg4 Bxd5 55. a4 Bc6) 51. Qh6+ (51. Qg4 {feels hotter.} Qg7 52. Kh3 Kg8 53. Bb6 Ba4 54. Qxg7+ Kxg7 55. Kg2) 51... Kg8 52. Kg3 Qg7+ (52... Qf7 $11) 53. Qxg7+ $1 Kxg7 {[%mdl 4096] Endgame KB-KB} 54. Bb6 $1 Kf7 55. Bc7 (55. Kf3 $14) 55... Ke7 $11 56. Bb8 Bb5 57. Kf3 Ba4 $1 58. Ke3 Kd7 (58... Bc2 $1 $11) 59. Ba7 (59. Kd2 $14) 59... Bc2 60. Bb6 Ba4 (60... Ke7 $11) 61. Ba5 (61. Kd3 $14) 61... Bc2 62. Be1 Ba4 ({Black should try} 62... Kd8 $11) 63. Bh4 Bb5 $2 {[%mdl 8192]} (63... Ke7 $14) 64. Bxf6 $18 Ba4 65. Bh4 Bc2 66. Be1 Bxe4 67. Bb4 $2 (67. Kxe4 {mates} Ke7 68. a4 Kd8 69. a5 Kc8 70. a6 Kc7 71. f6 Kd7 72. a7) 67... Bxd5 $11 68. a4 Bc4 69. a5 Ba6 70. f6 d5 $2 {[%mdl 8192]} (70... Ke6 $11) 71. Bc5 $2 (71. f7 $18 d4+ 72. Ke4 Ke6 73. f8=Q Bb7+ 74. Kd3 Ba6+ 75. Kd2 Bb5 {[#]} 76. a6 $1 {[%mdl 512]}) 71... d4+ 72. Ke4 {Threatens to win with f7.} Ke6 73. Bxd4 Kf7 $2 {[%mdl 8192]} (73... exd4 $11 74. Kxd4 Kxf6) 74. Bc5 $2 (74. Kxe5 $18 Bf1 75. Kd6) 74... Kxf6 {The position is equal.} 75. Bb6 Bb5 76. Ke3 Ke6 77. Bd8 Ba6 78. Bc7 e4 79. Bb8 Kd5 80. Ba7 {[%mdl 32768] Accuracy: White = 51%, Black = 52%. . Loss on time!?} 1-0

[Event "Stay Safe Play From Home 347"]
[Site "Emanuel Lasker Arena"]
[Date "2020.07.31"]
[Round "5"]
[White "Mepe_Nika"]
[Black "NTBT_DHS"]
[Result "0-1"]
[WhiteElo "2381"]
[BlackElo "2603"]
[Annotator "TA"]
[PlyCount "152"]
[EventDate "2020.07.31"]
[EventType "swiss (blitz)"]

{[%evp 14,152,59,17,62,26,56,0,64,-99,56,41,41,62,68,62,119,39,91,-9,0,0,12,-10,0,0,8,7,2,0,6,-97,-75,-97,-102,-173,-164,-160,-123,-89,-14,-25,-22,-77,0,0,0,0,39,15,50,58,59,45,48,51,49,22,9,7,11,-1,42,22,136,125,110,56,74,82,125,110,108,101,93,21,27,20,56,0,0,0,13,0,101,48,96,44,89,0,8,-233,18,-77,-68,-162,-162,-159,-159,-254,-183,-411,-402,-710,-687,-1250,-1069,-1887,-1795,-1911,-1768,-1614,-1506,-2610,-2411,-29958,-12129,-4698,-5797,-29966,-9183,-29992,-591,-580,-580,-29964,-29963,-29972,-29970,-5077,-2110,-29975,-9816,-29978,-29967,-29988,29986,-29989,-29989,-29989,-29989]} 1. d4 g6 2. e4 Bg7 3. Nf3 d6 4. Bd3 Nf6 5. h3 O-O 6. O-O c5 7. c3 Nc6 8. Be3 b6 {B07: Pirc Defence: Miscellaneous Systems.} 9. Re1 (9. d5 $5 {[%cal Rd5c6]} Ne5 10. Nxe5 dxe5 11. c4 $14) 9... Bb7 10. Qd2 (10. d5 $14 Ne5 11. Nxe5 dxe5 12. c4) 10... e5 {[#]} (10... d5 $11 11. exd5 cxd4 12. cxd4 Nxd5) 11. a4 $146 (11. d5 $1 $14 Ne7 12. c4) ({Predecessor:} 11. dxe5 dxe5 12. Qc2 Qe7 13. Na3 Rac8 14. Bg5 h6 15. Bh4 Qc7 16. Bb5 Ne7 17. Bf1 {0-1 (39) Delemarre,I (2185)-Roederer,K (2215) Germany 1994}) 11... Re8 $2 (11... Na5 $17 {Threatens to win with ...exd4.} 12. dxe5 dxe5) 12. d5 $14 Na5 13. Qc2 c4 14. Bf1 Nh5 (14... Nxe4 $14 15. Qxe4 f5) 15. Nbd2 (15. Nfd2 $16) 15... Rc8 (15... Ba6 $14) 16. g3 (16. b3 $16) 16... Qd7 17. Bg2 Nf6 18. Ra3 Kh8 19. g4 Ng8 20. Nf1 Ne7 21. Ng3 Rf8 22. Qd2 (22. Qd1 $11) 22... Nb3 23. Qc2 f5 $1 {[%cal Rf5f4]} 24. gxf5 (24. exf5 $17 {was called for.} gxf5 25. Ng5) 24... gxf5 $19 25. exf5 Nxf5 ({Don't take} 25... Bxd5 26. Ng5 $17) 26. Nxf5 Qxf5 (26... Rxf5 $17 27. Ng5 Rg8) 27. Qxf5 $11 Rxf5 28. Nd2 (28. Ng5 $11 {keeps the balance.}) 28... Na5 (28... Nxd2 $17 29. Bxd2 Rg8) 29. Be4 Rf7 30. f3 Rcf8 31. Kh2 Bc8 32. Rg1 Bf5 33. Bxf5 Rxf5 34. Rg4 h5 35. Rg5 (35. Rg6 {seems wilder.} R8f6 36. Rxf6 Bxf6 37. Kg3 Be7 38. Ra1) 35... Rxg5 36. Bxg5 Kh7 37. Ra1 Rf7 38. Rg1 Bh6 (38... Nb3 $11) 39. Bxh6 $1 $16 Kxh6 {[%mdl 4096] Endgame KRN-KRN} 40. Rg3 ({White should try} 40. Rg8 $16) 40... Rf4 41. Kg2 Nb3 42. Ne4 Nc5 43. Nxd6 Nxa4 44. Ne4 (44. h4 $1 $16) 44... Nxb2 $11 45. Rg8 Rf7 {...Rg7+ is the strong threat.} 46. Rb8 (46. Rc8 $14) 46... Nd3 47. d6 Nf4+ 48. Kf2 Ne6 (48... Rd7 $11) 49. Ke3 (49. Re8 $16 Nf8 50. Rxe5) 49... Kg6 50. Rg8+ (50. Re8 $1 $16 {[%cal Re8e6]} Ng7 51. Rxe5) 50... Ng7 51. Rh8 (51. Rd8 $16) 51... Nf5+ 52. Kd2 $2 {[#]} (52. Kf2 $11 {and White is okay.} Ng7 53. Rc8) 52... Rd7 $2 (52... Nxd6 $1 $19 {[%mdl 512]} 53. Rg8+ (53. Nxd6 $2 Rd7 $19) 53... Kh7) 53. Rc8 {[#]} (53. Rf8 $11 {remains equal.} Ne7 54. Re8) 53... Kf7 $1 $17 54. Kc2 ({White should play} 54. Ng5+ $15 Kf6 55. Ne4+ Ke6 56. Re8+ Kf7 57. Rh8) 54... Nxd6 $19 55. Nxd6+ Rxd6 {KR-KR} 56. Rc7+ (56. Rxc4 $17 Rf6 57. Rc7+ Ke6 58. Rh7) 56... Ke6 57. Rxa7 $2 (57. Rxc4 {was forced.} Kd5 58. Rc7) 57... Rd3 58. Ra6 (58. Rh7 $142 Rxf3 59. Rxh5) 58... Rxf3 59. Kb2 Kf5 60. Ka3 Rxh3 61. Kb4 Re3 62. Kxc4 h4 63. Kb3 h3 64. Ra8 Ke4 (64... Kg4 $142 65. Ra1 h2 66. Rh1 Rh3 67. Kc2 Kg3 68. Kd2 Kg2 69. Re1 h1=Q 70. Rxh1 Kxh1 71. Ke2 e4 72. Kd2 Kg2 73. Kd1 Rxc3 74. Kd2 Rd3+ 75. Kc1 Kf3 76. Kb2 e3 77. Kc2 Ke4 78. Kb1 e2 79. Kc2 e1=Q 80. Kb2 Qe2+ 81. Kc1 Rd1#) 65. Rf8 Kd3 66. Rh8 e4 (66... Rg3 $142 67. Rd8+ Ke3 68. Rd1 h2 69. Rh1 Rg2 70. Kc4 e4 71. Kd5 Kd3 72. Rd1+ Kxc3 73. Kxe4 Rg1 74. Rd3+ Kc2 75. Rh3 h1=Q+ 76. Rxh1 Rxh1 77. Kf3 b5 78. Kg2 Rh7 79. Kf3 b4 80. Kf4 b3 81. Kf5 b2 82. Kg6 Rh2 83. Kf7 Re2 84. Kg6 b1=Q 85. Kg5 Qf1 86. Kh5 Rg2 87. Kh6 Qh1#) 67. Rxh3 Kd2 (67... Rxh3 $142 68. Kb4 e3 69. c4 e2 70. c5 e1=Q+ 71. Kb5 Rh6 72. Ka6 bxc5+ 73. Ka7 Qe7+ 74. Kb8 Rh8#) 68. Rh2+ {[#]} Re2 $1 {[%cal Re2h2]} 69. Rh4 e3 70. Re4 Re1 71. Rd4+ Ke2 72. Kc4 Rc1 (72... Rd1 $142 73. Rf4 Kd2 74. Rd4+ Ke1 75. Re4 e2 76. Kb5 Rb1+ 77. Kc6 Kd2 78. c4 e1=Q 79. Rxe1 Kxe1 80. c5 b5 81. Kd6 b4 82. Kd7 Rc1 83. c6 b3 84. c7 b2 85. c8=R Rxc8 86. Kxc8 b1=Q 87. Kd7 Qe4 88. Kd6 Kd2 89. Kd7 Kc3 90. Kc7 Qe6 91. Kd8 Kc4 92. Kc7 Kc5 93. Kd8 Qf7 94. Kc8 Kc6 95. Kd8 Qf8#) 73. Re4 Kd2 74. Rxe3 Rxc3+ $4 {[%mdl 8192]} (74... Kxe3 75. Kb5 Rxc3 76. Kxb6 Kd4 77. Kb5 Rc8 78. Kb6 Rc5 79. Ka6 Kc4 80. Kb6 Kb4 81. Ka7 Kb5 82. Kb7 Rc3 83. Ka8 Ka6 84. Kb8 Kb6 85. Ka8 Rc8#) 75. Kb5 $4 {[%mdl 8192]} (75. Rxc3 {was the only winning move.} Ke2 76. Kb5 Kd2 77. Ra3 Kc2 78. Kxb6 Kb2 79. Rd3 Kc2 80. Rd7) 75... Rxe3 76. Kxb6 Re5 {Accuracy: White = 35%, Black = 57%.} 0-1

[Event "Stay Safe Play From Home 347"]
[Site "Emanuel Lasker Arena"]
[Date "2020.07.31"]
[Round "5"]
[White "Nuktotitakoi"]
[Black "Stefanone"]
[Result "1-0"]
[WhiteElo "2267"]
[BlackElo "2046"]
[Annotator "TA"]
[PlyCount "53"]
[EventDate "2020.07.31"]
[EventType "swiss (blitz)"]

{[%evp 9,53,65,81,42,42,12,31,-8,17,13,185,195,235,229,217,204,227,204,214,221,240,170,231,210,203,206,249,143,198,174,349,147,233,108,605,552,763,808,792,779,1748,1393,5820,2471,29984,29983]} 1. e4 e6 2. Nc3 d5 3. d4 c6 4. Nf3 f5 5. exf5 exf5 6. Bf4 {B15: Caro-Kann: 3 Nc3: 3...g6 and 3...dxe4 4 Nxe4 Nf6 5 Nxf6+ exf6.} Nf6 {[#]} 7. Qd2 $146 ({Predecessor:} 7. Bd3 Be7 8. Ne5 O-O 9. Ne2 Ne4 10. c3 Nd7 11. f3 Nd6 12. Qc2 Nxe5 13. Bxe5 {1-0 (28) Woeber,F (2096)-Seyffarth,R (1766) Bad Griesbach 2010}) 7... Bd6 8. Ne5 {White is slightly better.} Ne4 9. Nxe4 Bxe5 $2 {White now steadily converts the win.} (9... fxe4 $11 {and Black has nothing to worry.} 10. c4 O-O) 10. Bxe5 $18 dxe4 11. Bxg7 Rg8 12. Be5 Qe7 13. g3 Nd7 14. Bf4 Nb6 15. Be2 Nd5 (15... Be6 $142 16. O-O Bf7) 16. Bh5+ Kd8 17. Be5 Be6 18. O-O-O (18. c4 $18 Nb6 19. b3) 18... b6 (18... b5 $16 19. Be2 a5) 19. c4 Nc7 $2 (19... Nf6 {was worth a try.}) 20. Rhe1 (20. d5 $18 cxd5 21. Kb1 (21. cxd5 Nxd5 22. Qe2 Qc5+ 23. Kb1 Ke7 $16)) 20... Kc8 (20... Bxc4 $16 {was necessary.} 21. Qh6 Kc8) 21. f3 (21. Be2 $18 {is more deadly.}) 21... exf3 $2 {[%mdl 8192]} (21... Qg5 $16) 22. Bxf3 Kb7 23. Bxc7 Kxc7 {[#]} 24. d5 $1 {aiming for d6+.} cxd5 25. cxd5 {White threatens d6+ and mate.} Qc5+ 26. Kb1 Bf7 {[#]} 27. Rc1 $1 {Accuracy: White = 54%, Black = 22%.} 1-0

[Event "Stay Safe Play From Home 347"]
[Site "Emanuel Lasker Arena"]
[Date "2020.07.31"]
[Round "5"]
[White "TheCHESSHOUSE"]
[Black "Padmaesh M K"]
[Result "0-1"]
[WhiteElo "2144"]
[BlackElo "1825"]
[PlyCount "60"]
[EventDate "2020.07.31"]
[EventType "swiss (blitz)"]

1. d4 {[%emt 0:00:03]} e6 {[%emt 0:00:01]} 2. c4 {[%emt 0:00:00]} d5 {[%emt 0:00:00]} 3. g3 {[%emt 0:00:00]} Nf6 {[%emt 0:00:01]} 4. Bg2 {[%emt 0:00:00]} Bb4+ {[%emt 0:00:01]} 5. Bd2 {[%emt 0:00:02]} Qe7 {[%emt 0:00:01]} 6. Nf3 {[%emt 0:00:01]} Bxd2+ {[%emt 0:00:02]} 7. Nbxd2 {[%emt 0:00:00]} O-O {[%emt 0:00:01]} 8. O-O {[%emt 0:00:00]} c6 {[%emt 0:00:01]} 9. e3 {[%emt 0:00:00]} Nbd7 {[%emt 0:00:01]} 10. Rc1 {[%emt 0:00:00]} Ne4 {[%emt 0:00:01]} 11. Qe2 {[%emt 0:00:00]} f5 {[%emt 0:00:01]} 12. b3 {[%emt 0:00:02]} Ndf6 {[%emt 0:00:01]} 13. Ne5 {[%emt 0:00:01]} Nxd2 {[%emt 0:00:01]} 14. Qxd2 {[%emt 0:00:00]} Nd7 {[%emt 0:00:01]} 15. f4 {[%emt 0:00:01]} Nxe5 {[%emt 0:00:01]} 16. dxe5 {[%emt 0:00:01]} Bd7 {[%emt 0:00:01]} 17. cxd5 {[%emt 0:00:01]} cxd5 {[%emt 0:00:01]} 18. Rfd1 {[%emt 0:00:00]} Rfc8 {[%emt 0:00:01]} 19. Rxc8+ {[%emt 0:00:02]} Rxc8 {[%emt 0:00:00]} 20. h3 {[%emt 0:00:01]} Qd8 {[%emt 0:00:02]} 21. Rc1 {[%emt 0:00:01]} Rxc1+ {[%emt 0:00:02]} 22. Qxc1 {[%emt 0:00:00]} Qc8 {[%emt 0:00:00]} 23. Qa3 {[%emt 0:00:02]} a6 {[%emt 0:00:02]} 24. Qd6 {[%emt 0:00:01]} Kf7 {[%emt 0:00:02]} 25. Kh2 {[%emt 0:00:02]} Qc6 {[%emt 0:00:01]} 26. Qb8 {[%emt 0:00:01]} Qc2 {[%emt 0:00:02]} 27. Qh8 {[%emt 0:00:02]} Bc6 {[%emt 0:00:04]} 28. Kh1 {[%emt 0:00:07]} Qd1+ {[%emt 0:00:03]} 29. Kh2 {[%emt 0:00:01]} Qe2 {[%emt 0:00:01]} 30. Qxh7 {[%emt 0:00:04]} d4 {[%emt 0:00:01] TheCHESSHOUSE resigns (Lag: Av=0.71s, max=1.1s)} 0-1

[Event "Stay Safe Play From Home 347"]
[Site "Emanuel Lasker Arena"]
[Date "2020.07.31"]
[Round "5"]
[White "SelamiSahin"]
[Black "Little champs"]
[Result "1-0"]
[WhiteElo "2143"]
[BlackElo "2166"]
[Annotator "TA"]
[PlyCount "47"]
[EventDate "2020.07.31"]
[EventType "swiss (blitz)"]

{[%evp 14,46,6,0,10,-3,0,-20,-29,-56,-43,-57,-26,-22,0,-53,-26,-81,-80,-84,-35,-20,-14,-25,-28,-57,-26,-35,-28,-197,253,225,29998,29999,29999]} 1. d4 c6 2. c4 d5 3. Nf3 dxc4 4. g3 Nf6 5. Bg2 g6 6. O-O Bg7 7. Ne5 O-O 8. Nxc4 Be6 {D78: Fianchetto Grünfeld: 6 0-0 c6.} 9. Ne5 Nbd7 10. Nxd7 Qxd7 {[#] The position is equal.} 11. a4 $146 ({Predecessor:} 11. Nc3 Rfd8 12. e3 Bh3 13. b3 Bxg2 14. Kxg2 Nd5 15. Na4 Nb6 16. Nc5 Qd5+ 17. Qf3 {0-1 (30) Tang,Z (1700)-Weng,X Changsha 2019}) 11... Bh3 12. Nc3 Bxg2 13. Kxg2 Rad8 14. e3 (14. Qb3 $11) 14... Rfe8 15. Qf3 (15. Qb3 $11 {keeps the balance.}) 15... e5 $36 {[%mdl 2048] White is under strong pressure.} 16. dxe5 Rxe5 17. Rd1 Qe8 18. Rxd8 Qxd8 19. Ra3 Nd5 20. Nxd5 Rxd5 21. Rb3 $2 (21. e4 $11 {and White has nothing to worry.} Rd4 22. Rb3) 21... Rd1 $4 {[%mdl 8192]} (21... Rf5 $19 {avoids the disaster.} 22. Qe4 Qd1 23. Qe8+ Bf8) 22. Rxb7 $18 {[%mdl 64] [#] Double Attack} Rxc1 $2 (22... Bf6 $18) 23. Qxf7+ {[%mdl 64] Double Attack} Kh8 24. Qxg7# {Accuracy: White = 58%, Black = 27%.} 1-0

[Event "Stay Safe Play From Home 347"]
[Site "Emanuel Lasker Arena"]
[Date "2020.07.31"]
[Round "5"]
[White "Edmatuag"]
[Black "Gibiz144"]
[Result "0-1"]
[WhiteElo "1726"]
[BlackElo "1610"]
[Annotator "NA"]
[PlyCount "62"]
[EventDate "2020.07.31"]
[EventType "swiss (blitz)"]

1. d3 {[%emt 0:00:02]} e6 {[%emt 0:00:01]} 2. g3 {[%emt 0:00:00]} b6 {[%emt 0:00:01]} 3. c3 {[%emt 0:00:00]} Bb7 {[%emt 0:00:01]} 4. Bg2 {[%emt 0:00:00]} Bxg2 {[%emt 0:00:01]} 5. Nd2 {[%emt 0:00:00]} Bxh1 {[%emt 0:00:01]} 6. f3 {[%emt 0:00:02]} h5 {[%emt 0:00:03]} 7. Kf2 {[%emt 0:00:01]} h4 {[%emt 0:00:01]} 8. g4 {[%emt 0:00:01]} h3 {[%emt 0:00:02]} 9. Nxh3 {[%emt 0:00:01]} Bg2 {[%emt 0:00:01]} 10. Kxg2 {[%emt 0:00:02]} Qh4 {[%emt 0:00:02]} 11. Ng1 {[%emt 0:00:03]} Qxh2+ {[%emt 0:00:01]} 12. Kf1 {[%emt 0:00:01]} Bc5 {[%emt 0:00:03]} 13. d4 {[%emt 0:00:03]} Bd6 {[%emt 0:00:02]} 14. Ne4 {[%emt 0:00:02]} Bg3 {[%emt 0:00:02]} 15. Nxg3 {[%emt 0:00:01]} Qxg3 {[%emt 0:00:01]} 16. Be3 {[%emt 0:00:02]} Rh1 {[%emt 0:00:02]} 17. Bf2 {[%emt 0:00:01]} Qh3+ {[%emt 0:00:01]} 18. Ke1 {[%emt 0:00:02]} Qh2 {[%emt 0:00:01]} 19. Kf1 {[%emt 0:00:06]} Nh6 {[%emt 0:00:03]} 20. e3 {[%emt 0:00:03]} f5 {[%emt 0:00:02]} 21. Qe1 {[%emt 0:00:02]} fxg4 {[%emt 0:00:02]} 22. Ke2 {[%emt 0:00:06]} gxf3+ {[%emt 0:00:04]} 23. Kxf3 {[%emt 0:00:01]} Ke7 {[%emt 0:00:04]} 24. Qe2 {[%emt 0:00:08]} Qh5+ {[%emt 0:00:02]} 25. Kg2 {[%emt 0:00:03]} Rh2+ {[%emt 0:00:02]} 26. Kf1 {[%emt 0:00:01]} Qxe2+ {[%emt 0:00:01]} 27. Kxe2 {[%emt 0:00:02]} Nc6 {[%emt 0:00:00]} 28. Nf3 {[%emt 0:00:01]} Rh5 {[%emt 0:00:02]} 29. e4 {[%emt 0:00:01]} Rf8 {[%emt 0:00:02]} 30. Nd2 {[%emt 0:00:02]} Ng4 {[%emt 0:00:01]} 31. Bg3 {[%emt 0:00:02]} Rh3 {[%emt 0:00:01] Time (Lag: Av=0.50s, max=0.6s)} 0-1

[Event "Stay Safe Play From Home 347"]
[Site "Emanuel Lasker Arena"]
[Date "2020.07.31"]
[Round "5"]
[White "Trotsky"]
[Black "Buzaglo"]
[Result "1-0"]
[WhiteElo "1601"]
[BlackElo "1855"]
[Annotator "NA"]
[PlyCount "61"]
[EventDate "2020.07.31"]
[EventType "swiss (blitz)"]

1. d4 {[%emt 0:00:01]} e6 {[%emt 0:00:00]} 2. e3 {[%emt 0:00:01]} d5 {[%emt 0:00:00]} 3. c4 {[%emt 0:00:00]} Nf6 {[%emt 0:00:00]} 4. Nc3 {[%emt 0:00:00]} dxc4 {[%emt 0:00:01]} 5. Bxc4 {[%emt 0:00:01]} c5 {[%emt 0:00:00]} 6. Qc2 {[%emt 0:00:01]} cxd4 {[%emt 0:00:01]} 7. exd4 {[%emt 0:00:01]} Be7 {[%emt 0:00:00]} 8. Be3 {[%emt 0:00:01]} O-O {[%emt 0:00:00]} 9. Bd3 {[%emt 0:00:00]} Nc6 {[%emt 0:00:01]} 10. a3 {[%emt 0:00:02]} Bd7 {[%emt 0:00:03]} 11. Nf3 {[%emt 0:00:01]} Rc8 {[%emt 0:00:01]} 12. Ng5 {[%emt 0:00:01]} h6 {[%emt 0:00:02]} 13. h4 {[%emt 0:00:01]} e5 {[%emt 0:00:04]} 14. O-O-O {[%emt 0:00:02]} exd4 {[%emt 0:00:01]} 15. Bh7+ {[%emt 0:00:01]} Kh8 {[%emt 0:00:01]} 16. Bxd4 {[%emt 0:00:01]} Nxd4 {[%emt 0:00:04]} 17. Rxd4 {[%emt 0:00:01]} Bc5 {[%emt 0:00:04]} 18. Rf4 {[%emt 0:00:01]} Bd4 {[%emt 0:00:10]} 19. Rxf6 {[%emt 0:00:01]} Bxf6 {[%emt 0:00:02]} 20. Bg8 {[%emt 0:00:00]} g6 {[%emt 0:00:02]} 21. Bxf7 {[%emt 0:00:01]} Qe7 {[%emt 0:00:03]} 22. Qxg6 {[%emt 0:00:01]} Rxf7 {[%emt 0:00:00]} 23. Nxf7+ {[%emt 0:00:03]} Qxf7 {[%emt 0:00:01]} 24. Qxf7 {[%emt 0:00:01]} Bg7 {[%emt 0:00:05]} 25. Re1 {[%emt 0:00:03]} Rf8 {[%emt 0:00:00]} 26. Qxd7 {[%emt 0:00:02]} Rxf2 {[%emt 0:00:01]} 27. Re7 {[%emt 0:00:01]} Rxg2 {[%emt 0:00:02]} 28. Qe8+ {[%emt 0:00:01]} Kh7 {[%emt 0:00:01]} 29. Nd5 {[%emt 0:00:01]} h5 {[%emt 0:00:01]} 30. Nf6+ {[%emt 0:00:01]} Kh6 {[%emt 0:00:02]} 31. Qxh5# {[%emt 0:00:03] (Lag: Av=0.46s, max=1.0s)} 1-0